| 000 | 00755nam a2200181Ia 4500 | ||
|---|---|---|---|
| 008 | 090630s9999 xx 000 0 und d | ||
| 082 | _b26691 | ||
| 100 | _aनगरसेकर सुरेश. | ||
| 245 |
_aमाती लावा अंगाला आणि बरे व्हा !. _cनगरसेकर सुरेश. |
||
| 260 |
_bमनोरमा - मुंबई. _c2004 |
||
| 300 | _a79 | ||
| 600 | _aनगरसेकर सुरेश. | ||
| 630 | _aमाती लावा अंगाला आणि बरे व्हा !. | ||
| 655 | _aइतर. | ||
| 700 | _aनगरसेकर सुरेश. | ||
| 730 | _aमाती लावा अंगाला आणि बरे व्हा !. | ||
| 942 | _cBOOK | ||
| 999 |
_c278547 _d278547 |
||